| 000 | 00915cam a2200289Ma 4500 | ||
|---|---|---|---|
| 001 | 90043 | ||
| 005 | 20230411090048.0 | ||
| 008 | 091030s2009 fr g b 000 0 fre d | ||
| 035 | _a(OCoLC)ocn466661296 | ||
| 040 |
_aAUXAM _cAUXAM |
||
| 020 | _a9782738123312 (pbk.) | ||
| 020 | _a2738123317 (pbk.) | ||
| 029 | 0 |
_aAUXAM _bAAL0461263-0001 |
|
| 035 | _a(OCoLC)466661296 | ||
| 049 | _aGRAL | ||
| 100 | 1 | _aCrocq, Louis. | |
| 245 | 1 | 0 |
_aGérer les grandes crises : _bsanitaires, écologiques, politiques et économiques / _cLouis Crocq, Sophie Huberson, Benoít Vraie. |
| 260 |
_aParis : _bO. Jacob, _cc2009. |
||
| 300 |
_a297 p. ; _c22 cm. |
||
| 504 | _aIncludes bibliographical references (p. [285]-289). | ||
| 700 | 1 | _aHuberson, Sophie. | |
| 700 | 1 | _aVraie, Benoít. | |
| 938 |
_aAux Amateurs de Livres _bAUXA _nAAL0461263-0001 _c27,90 EUR |
||
| 942 |
_2lcc _cbk |
||
| 994 |
_aC0 _bDRFGD |
||
| 946 | _aweb | ||
| 999 |
_c111814 _d111814 |
||